[Event "Reykjavik op"]
[Site "Reykjavik"]
[Date "2009.03.30"]
[Round "7"]
[White "Halldorsson, Jon Arni"]
[Black "Gudmundsdottir, Geirthrudur Anna"]
[Result "1-0"]
[WhiteElo "2162"]
[BlackElo "1775"]
[PlyCount "61"]
[EventDate "2009.03.24"]
[EventType "swiss"]
[EventRounds "9"]
[EventCountry "ISL"]
[SourceTitle "CBM 129 Extra"]
[Source "ChessBase"]
[SourceDate "2009.05.05"]
[SourceVersion "2"]
[SourceVersionDate "2009.05.20"]
[SourceQuality "1"]

1. d4 d5 2. c4 c6 3. Nf3 Nf6 4. Nc3 e6 5. e3 Nbd7 6. Qc2 Be7 7. Bd3 0-0 8. 0-0 b6 9. e4 dxe4 10. Nxe4 Bb7 11. Rd1 Qc7 12. Bg5 h6 13. Bh4 c5 14. Rac1 Rfe8 15. Bg3 Qc6 16. Nxf6+ Nxf6 17. d5 exd5 18. Ne5 Qc8 19. Bf5 Qd8 20. cxd5 Bxd5 21. Nc6 Bxc6 22. Rxd8 Raxd8 23. h3 Nd5 24. a3 Bg5 25. Rd1 Nf4 26. Rxd8 Rxd8 27. h4 Nxg2 28. hxg5 Re8 29. Bh7+ Kh8 30. f4 Ne3 31. Qb1 1-0

[Event "Reykjavik TR-chD"]
[Site "Reykjavik"]
[Date "2008.11.09"]
[Round "7"]
[White "Gudmundsdottir, Geirthrudur Anna"]
[Black "Helgadottir, Sigridur Bjorg"]
[Result "1-0"]
[WhiteElo "1750"]
[BlackElo "1595"]
[PlyCount "71"]
[EventDate "2008.10.26"]
[EventType "tourn"]
[EventRounds "9"]
[EventCountry "ISL"]
[SourceTitle "EXT 2010"]
[Source "ChessBase"]
[SourceDate "2010.11.25"]
[SourceVersion "1"]
[SourceVersionDate "2010.11.25"]
[SourceQuality "1"]

1. e4 c5 2. Nc3 d6 3. g3 g6 4. Bg2 Bg7 5. Nge2 Nc6 6. 0-0 e6 7. d3 Rb8 8. Be3 b5 9. Qd2 Nd4 10. a3 a5 11. f4 Ne7 12. h3 b4 13. axb4 axb4 14. Nd1 b3 15. c3 Nc2 16. Rb1 Bb7 17. Bf2 0-0 18. Ne3 Nxe3 19. Bxe3 f5 20. Ra1 Qc7 21. Ra3 c4 22. Nd4 Bc8 23. Rfa1 e5 24. Ra7 Qd8 25. Rxe7 exd4 26. Raa7 Bb7 27. Raxb7 Rxb7 28. Rxb7 dxe3 29. Qxe3 Qa5 30. Ra7 Qb5 31. d4 Re8 32. e5 Qb6 33. Rb7 Qa6 34. Qe2 dxe5 35. fxe5 Rd8 36. Rb4 1-0

[Event "Reykjavik TR-chD"]
[Site "Reykjavik"]
[Date "2008.11.05"]
[Round "5"]
[White "Gudmundsdottir, Geirthrudur Anna"]
[Black "Gudmundsson, Einar S"]
[Result "1/2-1/2"]
[WhiteElo "1750"]
[BlackElo "1682"]
[PlyCount "103"]
[EventDate "2008.10.26"]
[EventType "tourn"]
[EventRounds "9"]
[EventCountry "ISL"]
[SourceTitle "EXT 2010"]
[Source "ChessBase"]
[SourceDate "2010.11.25"]
[SourceVersion "1"]
[SourceVersionDate "2010.11.25"]
[SourceQuality "1"]

1. e4 d6 2. d4 Nf6 3. Nc3 g6 4. f3 Bg7 5. Be3 0-0 6. Qd2 Re8 7. 0-0-0 a6 8. Bc4 Nc6 9. g4 b5 10. Bb3 Na5 11. h4 Nxb3+ 12. cxb3 h5 13. gxh5 Nxh5 14. Nh3 Bxh3 15. Rxh3 Qc8 16. Rh2 c5 17. Kb1 e6 18. Ne2 cxd4 19. Bxd4 Bxd4 20. Qxd4 Rd8 21. Rc1 Qb7 22. Qe3 Qe7 23. Nf4 Nxf4 24. Qxf4 e5 25. Qe3 Qf6 26. Rg1 Qf4 27. Qxf4 exf4 28. h5 d5 29. exd5 Rxd5 30. hxg6 fxg6 31. Rxg6+ Kf7 32. Rg4 Rf5 33. Rhh4 Ke6 34. Rxf4 Rxf4 35. Rxf4 Rc8 36. a4 bxa4 37. bxa4 a5 38. Rh4 Rc5 39. Ka2 Rf5 40. f4 Kd5 41. Kb3 Kc5 42. Kc3 Kb6 43. Kd4 Kc7 44. Ke4 Rc5 45. Kd4 Rf5 46. Kc4 Kc6 47. b4 axb4 48. Kxb4 Kb7 49. a5 Ka6 50. Rh6+ Ka7 51. Kc4 Rxf4+ 52. Kb5 1/2-1/2

[Event "ISL-chB"]
[Site "Reykjavik"]
[Date "2008.09.01"]
[Round "6"]
[White "Sigurdsson, Birkir Karl"]
[Black "Gudmundsdottir, Geirthrudur Anna"]
[Result "1/2-1/2"]
[WhiteElo "1275"]
[BlackElo "1585"]
[PlyCount "55"]
[EventDate "2008.08.27"]
[EventType "swiss"]
[EventRounds "9"]
[EventCountry "ISL"]
[SourceTitle "EXT 2010"]
[Source "ChessBase"]
[SourceDate "2010.11.25"]
[SourceVersion "1"]
[SourceVersionDate "2010.11.25"]
[SourceQuality "1"]

1. d4 d5 2. c4 c6 3. Nc3 Nf6 4. Nf3 e6 5. Bg5 Nbd7 6. e3 Be7 7. Bd3 dxc4 8. Bxc4 b5 9. Be2 a6 10. a3 Bb7 11. 0-0 0-0 12. Rc1 Rc8 13. Qd2 c5 14. Rfd1 Qb6 15. h3 Rfd8 16. Qe1 h6 17. Bf4 Nd5 18. Nxd5 Bxd5 19. b4 cxb4 20. axb4 Bb3 21. Rxc8 Rxc8 22. Rb1 Bd5 23. Qd2 Nf6 24. Ne5 Bb7 25. Nd3 Qd8 26. Rc1 Rxc1+ 27. Qxc1 Nd5 28. Qd2 1/2-1/2

[Event "ISL-chB"]
[Site "Reykjavik"]
[Date "2008.08.29"]
[Round "3"]
[White "Gudmundsdottir, Geirthrudur Anna"]
[Black "Lee, Gudmundur Kristinn"]
[Result "1-0"]
[WhiteElo "1585"]
[BlackElo "1465"]
[PlyCount "43"]
[EventDate "2008.08.27"]
[EventType "swiss"]
[EventRounds "9"]
[EventCountry "ISL"]
[SourceTitle "EXT 2010"]
[Source "ChessBase"]
[SourceDate "2010.11.25"]
[SourceVersion "1"]
[SourceVersionDate "2010.11.25"]
[SourceQuality "1"]

1. e4 e5 2. Nf3 Nc6 3. Bb5 Nf6 4. 0-0 a6 5. Bxc6 dxc6 6. d3 Bg4 7. h3 Bh5 8. Be3 Be7 9. Nbd2 0-0 10. Re1 h6 11. Nf1 Re8 12. Ng3 Bxf3 13. Qxf3 Nh7 14. Nf5 Bg5 15. Qg3 Kh8 16. f4 exf4 17. Bxf4 Rc8 18. h4 Bf6 19. e5 g6 20. exf6 Rxe1+ 21. Rxe1 Qxf6 22. Be5 1-0

[Event "Nordic-ch U20 Girls"]
[Site "Haraldsheim"]
[Date "2008.04.19"]
[Round "3"]
[White "Johannsdottir, Johanna Bjorg"]
[Black "Gudmundsdottir, Geirthrudur Anna"]
[Result "1/2-1/2"]
[WhiteElo "1664"]
[BlackElo "1600"]
[PlyCount "116"]
[EventDate "2008.04.18"]
[EventType "team-tourn"]
[EventRounds "9"]
[EventCountry "NOR"]
[SourceTitle "CBM 123 Extra"]
[Source "ChessBase"]
[SourceDate "2008.05.06"]
[SourceVersion "1"]
[SourceVersionDate "2008.05.06"]
[SourceQuality "1"]

1. e4 e6 2. d3 d5 3. Nd2 Nf6 4. Ngf3 c5 5. g3 Nc6 6. Bg2 Be7 7. 0-0 0-0 8. Re1 b6 9. Nf1 Bb7 10. Bf4 dxe4 11. dxe4 Qxd1 12. Raxd1 Rad8 13. c3 Rxd1 14. Rxd1 Rd8 15. Rxd8+ Bxd8 16. N1d2 Be7 17. Ne5 Nh5 18. Nxc6 Bxc6 19. Bb8 a6 20. Bf1 b5 21. f3 Nf6 22. c4 Kf8 23. Nb3 bxc4 24. Na5 Bb5 25. Nxc4 Ke8 26. b3 Kd7 27. a4 Bxc4 28. Bxc4 a5 29. Bb5+ Kc8 30. Be5 Kb7 31. Kg2 Nh5 32. g4 f6 33. gxh5 fxe5 34. Bc4 Bg5 35. Bxe6 h6 36. Kg3 Bf4+ 37. Kg2 Bg5 38. h3 Bh4 39. Kf1 Bg5 40. Ke2 Kc6 41. Kd3 Kd6 42. Bf5 Bf4 43. Kc4 Bd2 44. Kb5 Bb4 45. Kb6 Bd2 46. Kb7 Bg5 47. Bg4 Bd2 48. Kc8 Bg5 49. Kb7 Bd2 50. Kb6 Bb4 51. Kb5 Bd2 52. Kc4 Bg5 53. Kd3 Bf4 54. Ke2 Bh2 55. Kf2 Bf4 56. h4 Ke7 57. Kg2 Kf6 58. Kh3 Bd2 1/2-1/2

[Event "Nordic-ch U20 Girls"]
[Site "Haraldsheim"]
[Date "2008.04.18"]
[Round "1"]
[White "Stangeland, Maren"]
[Black "Gudmundsdottir, Geirthrudur Anna"]
[Result "1-0"]
[WhiteElo "1331"]
[BlackElo "1600"]
[PlyCount "121"]
[EventDate "2008.04.18"]
[EventType "team-tourn"]
[EventRounds "9"]
[EventCountry "NOR"]
[SourceTitle "CBM 123 Extra"]
[Source "ChessBase"]
[SourceDate "2008.05.06"]
[SourceVersion "1"]
[SourceVersionDate "2008.05.06"]
[SourceQuality "1"]

1. e4 e6 2. d4 d5 3. Nc3 Bb4 4. e5 c5 5. a3 Bxc3+ 6. bxc3 Qc7 7. f4 Ne7 8. Nf3 0-0 9. Bd3 h6 10. 0-0 Nbc6 11. Qe1 f6 12. Qg3 c4 13. Be2 Bd7 14. Nh4 Nf5 15. Nxf5 exf5 16. Qg6 Be6 17. Bh5 Qf7 18. Qxf7+ Bxf7 19. Bxf7+ Kxf7 20. a4 Rfe8 21. Ba3 Rac8 22. Kf2 g5 23. Kg3 Ke6 24. Rae1 Rg8 25. Re2 Rce8 26. Rfe1 fxe5 27. dxe5 gxf4+ 28. Kxf4 Rg4+ 29. Kf3 Re4 30. Rxe4 fxe4+ 31. Ke2 Kxe5 32. Bc1 Rg8 33. g3 h5 34. Bf4+ Ke6 35. Ke3 Ne5 36. h3 Nf3 37. Rb1 Rg7 38. a5 a6 39. Rb6+ Kf5 40. Rd6 Re7 41. Rxd5+ Kg6 42. Rc5 Ne1 43. Kd2 Nf3+ 44. Ke3 Ne1 45. Rg5+ Kf6 46. Rxh5 Nxc2+ 47. Kd2 Na1 48. g4 Nb3+ 49. Ke3 Kg6 50. h4 Nc1 51. Rh6+ Kg7 52. h5 Nd3 53. Rg6+ Kh7 54. Rf6 Kg7 55. g5 Ne5 56. Bxe5 Rxe5 57. Kf4 e3 58. h6+ Kg8 59. h7+ Kh8 60. g6 Re8 61. Kg5 1-0

[Event "Reykjavik op U20"]
[Site "Reykjavik"]
[Date "2008.02.02"]
[Round "4"]
[White "Gudmundsdottir, Geirthrudur Anna"]
[Black "Wickstrom, Lucas"]
[Result "1/2-1/2"]
[WhiteElo "1520"]
[BlackElo "2090"]
[PlyCount "99"]
[EventDate "2008.02.01"]
[EventType "team-tourn"]
[EventRounds "6"]
[EventCountry "ISL"]
[SourceTitle "EXT 2010"]
[Source "ChessBase"]
[SourceDate "2010.11.25"]
[SourceVersion "1"]
[SourceVersionDate "2010.11.25"]
[SourceQuality "1"]

1. e4 c5 2. Nc3 Nc6 3. g3 g6 4. Bg2 Bg7 5. Nge2 d6 6. 0-0 e6 7. d3 Nge7 8. Be3 Nd4 9. Qd2 Qa5 10. f4 0-0 11. Rf2 Nec6 12. a3 Rb8 13. Raf1 b5 14. g4 Nxe2+ 15. Rxe2 Nd4 16. Ref2 f5 17. h3 Ba6 18. g5 fxe4 19. Nxe4 Qc7 20. c3 Nf5 21. Bf3 b4 22. axb4 cxb4 23. Rc1 Nxe3 24. Qxe3 Qb6 25. Qxb6 Rxb6 26. Bg4 Bxd3 27. Bxe6+ Kh8 28. Ng3 a5 29. Rd2 bxc3 30. bxc3 Bb1 31. Ba2 Rfb8 32. Ne2 a4 33. Kf2 Bf5 34. Ra1 Rb2 35. Rxb2 Rxb2 36. Bc4 Bc2 37. Ke3 Rb8 38. Ra2 Bb3 39. Bxb3 axb3 40. Rb2 Kg8 41. Kd3 Kf7 42. Nc1 Ke6 43. Rxb3 Rxb3 44. Nxb3 Bxc3 45. Nc1 Bb2 46. Ne2 d5 47. Ke3 Kd6 48. Kd3 Kc5 49. Ng3 Bc1 50. Ne2 1/2-1/2

[Event "Reykjavik op U20"]
[Site "Reykjavik"]
[Date "2008.02.02"]
[Round "3"]
[White "Kristinsson, Bjarni Jens"]
[Black "Gudmundsdottir, Geirthrudur Anna"]
[Result "1-0"]
[WhiteElo "1894"]
[BlackElo "1520"]
[PlyCount "59"]
[EventDate "2008.02.01"]
[EventType "team-tourn"]
[EventRounds "6"]
[EventCountry "ISL"]
[SourceTitle "EXT 2010"]
[Source "ChessBase"]
[SourceDate "2010.11.25"]
[SourceVersion "1"]
[SourceVersionDate "2010.11.25"]
[SourceQuality "1"]

1. e4 e6 2. d4 d5 3. Nc3 Bb4 4. e5 c5 5. a3 Bxc3+ 6. bxc3 Qc7 7. Bd3 Nc6 8. Ne2 Nge7 9. 0-0 c4 10. Bxc4 dxc4 11. Ng3 0-0 12. Qg4 Ng6 13. h4 Ncxe5 14. dxe5 Nxe5 15. Qe2 Ng6 16. h5 Nf4 17. Qe4 e5 18. Re1 f6 19. Rb1 a6 20. a4 Rb8 21. a5 Bd7 22. Rb6 Qc5 23. Bxf4 exf4 24. Qxf4 Qxa5 25. Qc7 Bc6 26. Rxc6 Qxc3 27. Re7 f5 28. Rxc4 Qa1+ 29. Kh2 b5 30. Rc3 1-0

[Event "Reykjavik op U20"]
[Site "Reykjavik"]
[Date "2008.02.01"]
[Round "2"]
[White "Gudmundsdottir, Geirthrudur Anna"]
[Black "Akdag, Dara Sevkan"]
[Result "0-1"]
[WhiteElo "1520"]
[BlackElo "2095"]
[PlyCount "40"]
[EventDate "2008.02.01"]
[EventType "team-tourn"]
[EventRounds "6"]
[EventCountry "ISL"]
[SourceTitle "EXT 2010"]
[Source "ChessBase"]
[SourceDate "2010.11.25"]
[SourceVersion "1"]
[SourceVersionDate "2010.11.25"]
[SourceQuality "1"]

1. e4 c5 2. Nf3 d6 3. d4 cxd4 4. Nxd4 Nf6 5. Nc3 a6 6. Be3 e6 7. f3 b5 8. Qd2 Nbd7 9. g4 Nb6 10. h4 Bb7 11. h5 b4 12. Nce2 d5 13. g5 Nc4 14. Qc1 Nd7 15. Ng3 Qc7 16. Bf2 Bd6 17. Rg1 Bf4 18. Qb1 Nde5 19. Nge2 Nd2 20. Qd1 Nexf3+ 0-1

[Event "Reykjavik op U20"]
[Site "Reykjavik"]
[Date "2008.02.01"]
[Round "1"]
[White "Ochsner, Bjorn Moller"]
[Black "Gudmundsdottir, Geirthrudur Anna"]
[Result "0-1"]
[WhiteElo "1924"]
[BlackElo "1520"]
[PlyCount "98"]
[EventDate "2008.02.01"]
[EventType "team-tourn"]
[EventRounds "6"]
[EventCountry "ISL"]
[SourceTitle "EXT 2010"]
[Source "ChessBase"]
[SourceDate "2010.11.25"]
[SourceVersion "1"]
[SourceVersionDate "2010.11.25"]
[SourceQuality "1"]

1. e4 e6 2. d4 d5 3. e5 c5 4. c3 Nc6 5. Nf3 Qb6 6. Be2 cxd4 7. cxd4 Nge7 8. b3 Nf5 9. Bb2 Bb4+ 10. Kf1 0-0 11. g4 Nh6 12. h3 Bd7 13. Nc3 Bxc3 14. Bxc3 f6 15. exf6 gxf6 16. Rg1 Kh8 17. Qd2 Nf7 18. Qf4 Qd8 19. h4 Qe7 20. Bb5 Rac8 21. a3 e5 22. Qe3 e4 23. Bxc6 Rxc6 24. Bb4 Nd6 25. a4 Re8 26. Ne1 Qg7 27. Rd1 Rg8 28. g5 Nf5 29. Qf4 Rb6 30. Nc2 a5 31. Bxa5 Rxb3 32. Ne3 Nxe3+ 33. fxe3 Bxa4 34. Rc1 Bb5+ 35. Ke1 Bc4 36. Kd2 Rd3+ 37. Kc2 Rf8 38. Rcf1 f5 39. Bb4 Qd7 40. Qe5+ Kg8 41. Ra1 Re8 42. Qf4 Bb3+ 43. Kb2 Rc8 44. Rac1 Bc4 45. g6 Rb3+ 46. Kc2 Rxb4 47. Qh6 Qa4+ 48. Kd2 Rb2+ 49. Ke1 Qb4+ 0-1